Top NRL Supercoach Scorer By Season - Statistics

General Stats
  • This quiz has been taken 10 times
  • The average score is 7 of 15
Answer Stats
Year Points Player % Correct
2012 1678 Cameron Smith
100%
2016 1802 Cameron Smith
100%
2019 1768 Cameron Smith
100%
2021 2149 Tom Trbojevic
89%
2020 1618 James Tedesco
78%
2022 1973 Nicholas Hynes
78%
2023 1900 Nicholas Hynes
78%
2015 1858 Roger Tuivasa Sheck
33%
2009 1982 Corey Parker
11%
2011 2032 Corey Parker
11%
2013 1936 Corey Parker
11%
2018 1707 Damien Cook
11%
2010 1985 Paul Gallen
11%
2017 1825 Paul Gallen
11%
2014 2055 Sam Burgess
11%
No matching quizzes found
Score Distribution
Percent of People with Each Score
Percentile by Number Answered
Your Score History
You have not taken this quiz